| 000 | 00426 a2200157 4500 | ||
|---|---|---|---|
| 020 | _a 0006174752 | ||
| 082 | _a 823.912 CHR | ||
| 090 |
_c1039 _d1039 |
||
| 100 | _a Christie, Agatha. | ||
| 245 |
_aThe man in the brown suit _c Agatha Christie, |
||
| 260 |
_aLondon: _bHarper Collins Publishers, _c1924. |
||
| 300 |
_a238 p. ; _c19 cm. |
||
| 500 | _aIncludes Index | ||
| 650 | _aDetective and mystery stories. | ||
| 942 | _cBK | ||
| 999 |
_c481838 _d481838 |
||